[Event "Liga CS - istok 2016"]
[Site "Kladovo"]
[Date "2016.10.14"]
[Round "7.11"]
[White "Trailovic, Mile"]
[Black "Milunovic, Toni"]
[Result "0-1"]
[WhiteElo "2080"]
[BlackElo "2266"]
[PlyCount "0"]
[EventDate "2016.09.04"]

1.e4 e6 2.d3 d5 3.Bd2 Nf6 4.Nc3 Bc5 5.h3 Nc6 6.g3 d4 7.Nce2 Qd6
8.Bg2 e5 9.f4 Nd7 10.Nf3 f6 11.O-O h6 12.f5 a5 13.g4 Bb4 14.Bc1
a4 15.a3 Ba5 16.Ng3 Ne7 17.h4 c5 18.g5 hxg5 19.hxg5 c4 20.Kf2
cxd3 21.cxd3 Nc5 22.Rh1 Rxh1 23.Nxh1 Bd7 24.Ke2 Bb5 25.Nf2 Qa6
26.Bf1 Rc8 27.Ne1 Nb3 28.Rb1 Qc6 29.Kf3 Nxc1 30.Kg3 Kd7 31.Ng4
Nb3 32.Nf3 Kc7 33.Be2 Kb8 34.Qh1 Qc2 35.Qf1 Rc6 36.Rd1 Qxb2 37.Kh4
Qxa3 38.Qh3 Qb2 39.Kg3 Qxe2 40.Rh1 Qxd3 41.gxf6 gxf6 42.Nxf6
Rc3 43.Kg4 Qe3 44.Qh8+ Ka7 0-1

[Event "Liga CS - istok 2016"]
[Site "Kladovo"]
[Date "2016.10.14"]
[Round "7.13"]
[White "Simic, Vladica"]
[Black "Suhartovic, Branislav"]
[Result "0-1"]
[WhiteElo "2079"]
[BlackElo "2148"]
[PlyCount "0"]
[EventDate "2016.09.04"]

1.Nf3 d5 2.b3 Bf5 3.g3 Nf6 4.Bg2 e6 5.O-O Bc5 6.Bb2 c6 7.Ne5
Nbd7 8.Nxd7 Qxd7 9.Bxf6 gxf6 10.d4 Bd6 11.Nd2 O-O-O 12.e4 dxe4
13.c3 h5 14.Nxe4 Bxe4 15.Bxe4 f5 16.Bf3 h4 17.b4 Qc7 18.b5 c5
19.dxc5 Bxc5 20.Qe2 hxg3 21.hxg3 Qxg3+ 0-1

[Event "Liga CS - istok 2016"]
[Site "Kladovo"]
[Date "2016.10.14"]
[Round "7.15"]
[White "Dragic, Vladimir"]
[Black "Milunovic, Sasa"]
[Result "0-1"]
[WhiteElo "2056"]
[BlackElo "1932"]
[PlyCount "0"]
[EventDate "2016.09.04"]

1.d4 Nf6 2.Nf3 e6 3.c3 c5 4.e3 Nc6 5.Bd3 d5 6.Nbd2 Qc7 7.e4 dxe4
8.Nxe4 Nxe4 9.Bxe4 cxd4 10.Nxd4 Qe5 11.Qe2 Nxd4 12.cxd4 Bb4+
13.Kf1 Qxd4 14.g3 O-O 15.Kg2 f5 16.Bf3 Qf6 17.h4 Bd6 18.Rd1 Bc7
19.Bg5 Qf7 20.Rac1 h6 21.Bd2 Kh7 22.Qc4 Be5 23.Bc3 Bb8 24.Re1
Re8 25.b3 Qe7 26.Be5 Bxe5 27.Rxe5 Rd8 28.Rc2 Qd6 29.Qf4 Rb8 30.Rce2
b6 31.h5 b5 32.g4 fxg4 33.Qxg4 Rf8 34.Qg6+ Kg8 35.Be4 Rf7 36.Qh7+
Kf8 37.Bd5 Rf6 38.Bf3 Kf7 39.Qc2 Bb7 40.Bxb7 Rxb7 41.Rc5 Qf4
42.Re3 a6 43.Rg3 Rd7 44.Rgc3 Rf5 45.Rxf5+ exf5 46.Rf3 Qg4+ 47.Rg3
Qe4+ 48.Qxe4 fxe4 49.Rg6 e3 50.fxe3 Rd2+ 51.Kf3 Rxa2 52.Ke4 Ra3
53.Kd5 Rxb3 54.e4 a5 55.Ra6 a4 56.e5 Rd3+ 57.Kc5 a3 58.Ra7+ Ke6
59.Kxb5 Rg3 0-1

[Event "Liga CS - istok 2016"]
[Site "Kladovo"]
[Date "2016.10.14"]
[Round "7.16"]
[White "Mitrovic, Aleksandar"]
[Black "Floricelovic, Milos"]
[Result "0-1"]
[WhiteElo "1780"]
[BlackElo "1953"]
[PlyCount "0"]
[EventDate "2016.09.04"]

1.d4 Nf6 2.c4 c5 3.d5 e5 4.Nc3 d6 5.e4 g6 6.Bd3 Bg7 7.Nge2 a6
8.Bg5 h6 9.Bh4 g5 10.Bg3 Nbd7 11.f3 Nf8 12.h4 Nh5 13.Bf2 g4 14.Qd2
Ng6 15.fxg4 Bxg4 16.g3 Qd7 17.a3 O-O 18.Be3 Kh7 19.b4 b6 20.Rf1
Rab8 21.Qc2 b5 22.bxc5 bxc4 23.Bxc4 dxc5 24.Bxa6 Qa7 25.Bd3 Qa5
26.Bd2 c4 27.Bxc4 Rfc8 28.Qd3 Qc5 29.Ba6 Rc7 30.Be3 Qa5 31.Kf2
Rb2 32.Bc4 Nf6 33.Rfb1 Qxc3 34.Qxc3 Nxe4+ 35.Kg2 Rxe2+ 36.Bxe2
Rxc3 37.Bxg4 Rxe3 38.Bf5 Nxg3 39.Bxg6+ Kxg6 40.Kf2 Nf5 41.Rd1
e4 42.d6 Bxa1 43.Rxa1 Rf3+ 44.Ke2 Nxd6 45.a4 Rb3 46.a5 Nb5 47.a6
Na7 48.Ra5 f5 49.Rd5 Ra3 50.Rd6+ Kh5 51.Rf6 Kg4 52.Rxh6 Kf4 53.Rg6
Ra2+ 54.Kd1 e3 55.h5 e2+ 56.Ke1 Kf3 57.Re6 Ra1+ 58.Kd2 e1Q+ 59.Rxe1 0-1

[Event "Liga CS - istok 2016"]
[Site "Kladovo"]
[Date "2016.10.14"]
[Round "7.21"]
[White "Tosic, Branislav"]
[Black "Stankovic, Nemanja"]
[Result "1/2-1/2"]
[WhiteElo "2220"]
[BlackElo "2131"]
[PlyCount "0"]
[EventDate "2016.09.04"]

1.Nf3 d5 2.g3 Nf6 3.Bg2 e6 4.d4 Be7 5.c4 c6 6.Nc3 O-O 7.O-O Nbd7
8.Nd2 Nb6 9.b3 dxc4 10.Nxc4 Nfd5 11.Bb2 Nxc3 12.Bxc3 Nd5 13.Bb2
Bd7 14.a3 f6 15.Qd2 Rc8 16.e4 Nb6 17.Na5 Qc7 18.Rac1 Qb8 19.Qe3
Rfe8 20.Rc2 Bd6 21.Rfc1 e5 22.b4 Kh8 23.dxe5 Bxe5 24.Bxe5 Rxe5
25.Rc5 Re7 26.Qf4 Rce8 27.Qxb8 Rxb8 28.f4 a6 29.Kf2 Be6 30.e5
Bd5 31.Bxd5 Nxd5 32.Nc4 fxe5 33.Nxe5 Rf8 34.Nf3 Kg8 35.Re1 Rxe1
36.Kxe1 Kf7 37.Rc2 Ke7 38.Re2+ Kd6 39.Ng5 Nf6 40.Rd2+ Ke7 41.Re2+
Kd6 42.Ne6 Rf7 43.Nc5 Kc7 44.Kf2 Kb6 45.Kf3 a5 46.Rd2 Nd5 47.Rd4
axb4 48.axb4 Nxb4 49.Nxb7 Kxb7 50.Rxb4+ Kc7 51.g4 c5 52.Re4 Kd6
53.f5 h5 54.h3 hxg4+ 55.hxg4 Kd5 56.Kf4 g6 57.Re5+ Kd4 58.Re6
gxf5 59.Rd6+ Kc3 60.gxf5 c4 1/2-1/2

[Event "Liga CS - istok 2016"]
[Site "Kladovo"]
[Date "2016.10.14"]
[Round "7.22"]
[White "Knezevic, Ilija"]
[Black "Mitrovic, Darko A"]
[Result "1-0"]
[WhiteElo "2152"]
[BlackElo "2050"]
[PlyCount "0"]
[EventDate "2016.09.04"]

1.d4 Nf6 2.c4 g6 3.Nc3 Bg7 4.e4 d6 5.f3 O-O 6.Bg5 h6 7.Be3 Nbd7
8.Nh3 c5 9.d5 Ne5 10.Nf2 h5 11.Qd2 Kh7 12.Be2 a6 13.a4 Qa5 14.Ra3
Bd7 15.h3 Be8 16.f4 Ned7 17.g4 Qc7 18.Nd3 e6 19.gxh5 Nxh5 20.Bxh5
gxh5 21.Qe2 Nf6 22.e5 1-0

[Event "Liga CS - istok 2016"]
[Site "Kladovo"]
[Date "2016.10.14"]
[Round "7.23"]
[White "Filipovic, Milisav"]
[Black "Stojanovic, Jovan"]
[Result "1/2-1/2"]
[WhiteElo "2013"]
[BlackElo "2016"]
[PlyCount "0"]
[EventDate "2016.09.04"]

1.e4 e6 2.d4 d5 3.exd5 exd5 4.Nf3 Bd6 5.Bd3 Ne7 6.O-O O-O 7.Bg5
f6 8.Bh4 Bf5 9.Nc3 c6 10.Ne2 Qd7 11.Bg3 Bxd3 12.Qxd3 Nf5 13.Bxd6
Nxd6 14.Ng3 Na6 15.c3 Rfe8 16.Rfe1 g6 17.h3 Kg7 18.Rxe8 Rxe8
19.Re1 Nc7 20.Rxe8 Qxe8 21.Kf1 Ne4 22.Nd2 Nd6 23.Nf3 Ne4 24.Nd2
Nd6 25.Nf3 1/2-1/2

[Event "Liga CS - istok 2016"]
[Site "Kladovo"]
[Date "2016.10.14"]
[Round "7.24"]
[White "Stevanovic, Ljubinko"]
[Black "Zivkovic, Toplica"]
[Result "1/2-1/2"]
[WhiteElo "2051"]
[BlackElo "1964"]
[PlyCount "0"]
[EventDate "2016.09.04"]

1.e4 c5 2.Nf3 Nc6 3.d4 cxd4 4.Nxd4 Nf6 5.Nc3 d6 6.Bc4 e6 7.Be3
Be7 8.Qe2 Bd7 9.O-O-O a6 10.Bb3 Qc7 11.g4 h6 12.h4 O-O-O 13.g5
Ng8 14.f4 g6 15.f5 Na5 16.f6 Bf8 17.Kb1 Kb8 18.Bf2 Rc8 19.Qd3
Nc6 20.Nxc6+ Bxc6 21.Qd4 b5 22.a3 Qb7 23.Bg3 Rd8 24.Bf2 Rd7 25.Qb6
Qxb6 26.Bxb6 Kb7 27.Be3 a5 28.Bd5 exd5 29.exd5 b4 30.axb4 axb4
31.dxc6+ Kxc6 32.Ne4 d5 33.Ng3 Bd6 34.Bf2 Bf4 35.gxh6 Nxf6 36.Bd4
Bxg3 37.Bxf6 Rxh6 1/2-1/2

[Event "Liga CS - istok 2016"]
[Site "Kladovo"]
[Date "2016.10.14"]
[Round "7.25"]
[White "Radulovic, Sasa"]
[Black "Milosevic, Sinisa"]
[Result "1/2-1/2"]
[WhiteElo "1944"]
[BlackElo "1993"]
[PlyCount "0"]
[EventDate "2016.09.04"]

1.d4 Nf6 2.c4 c5 3.dxc5 Qa5+ 4.Nc3 g6 5.a3 Qxc5 6.e3 Bg7 7.b4
Qe5 8.Bb2 O-O 9.Nf3 Qc7 10.Nb5 Qd8 11.Qc2 d6 12.Rd1 a6 13.Nc3
Qc7 14.Nd5 Nxd5 15.Rxd5 Be6 16.Bxg7 Kxg7 17.Rd1 f6 18.Be2 Nd7
19.O-O Rac8 20.Rc1 Qb6 21.Qe4 Bf5 22.Qd4 Qc7 23.Rc3 Ne5 24.Rfc1
Bg4 25.Qe4 Nxf3+ 26.Bxf3 Bxf3 27.Qxf3 b6 28.Qd5 Qb8 29.a4 Rc7
30.a5 Rfc8 31.h3 Qa7 32.Kf1 Rc6 33.Qd4 Qc7 34.axb6 Qxb6 35.c5
Qb5+ 36.Kg1 dxc5 37.Rxc5 Rxc5 38.Rxc5 Rxc5 39.bxc5 a5 40.Qc3
Qb1+ 41.Kh2 Qb8+ 42.f4 Qc7 43.Qc4 a4 44.Qb4 h5 45.Kg3 Qc6 46.Kf2
Qa6 47.Qb6 Qxb6 48.cxb6 a3 49.b7 a2 50.b8Q a1Q 1/2-1/2

[Event "Liga CS - istok 2016"]
[Site "Kladovo"]
[Date "2016.10.14"]
[Round "7.26"]
[White "Jankovic, Uros**"]
[Black "Nikolic, Nikola*"]
[Result "1/2-1/2"]
[WhiteElo "1892"]
[BlackElo "1936"]
[PlyCount "0"]
[EventDate "2016.09.04"]

1.d4 Nf6 2.c4 e6 3.Nf3 Bb4+ 4.Bd2 Bxd2+ 5.Nbxd2 O-O 6.e4 d5 7.Bd3
dxe4 8.Nxe4 Nbd7 9.O-O b6 10.Ne5 Bb7 11.Qf3 Nxe5 12.dxe5 Nxe4
13.Bxe4 Bxe4 14.Qxe4 c5 15.Rfd1 Qc7 16.Rd6 Rad8 17.Rad1 Rxd6
18.Rxd6 Rd8 19.Qc6 Qe7 20.g3 Kf8 21.a3 Rxd6 22.exd6 Qd8 23.Qc7
Ke8 24.Qc6+ Qd7 25.Qa8+ Qd8 26.Qc6+ 1/2-1/2

[Event "Liga CS - istok 2016"]
[Site "Kladovo"]
[Date "2016.10.14"]
[Round "7.27"]
[White "Nikic, Dragan"]
[Black "Blagojevic, Rade"]
[Result "0-1"]
[WhiteElo "1833"]
[BlackElo "1903"]
[PlyCount "0"]
[EventDate "2016.09.04"]

1.e4 e5 2.Nf3 Nc6 3.d4 exd4 4.Nxd4 Qh4 5.Nc3 Bb4 6.Be3 Qxe4 7.Nf3
Bxc3+ 8.bxc3 Qg4 9.Be2 Nf6 10.O-O O-O 11.Nd4 Qe4 12.Bd3 Qe5 13.Re1
Qa5 14.Rb1 a6 15.Nf5 d6 16.Qf3 Bxf5 17.Bxf5 Ne7 18.Bd3 Nc6 19.Bd4
b6 20.Bxf6 gxf6 21.Qxf6 Rae8 22.h4 Qh5 23.g3 Ne5 24.Be2 Qg6 25.Qf4
a5 26.h5 Qg7 27.g4 h6 28.Qg3 f5 29.gxf5 Qxg3+ 30.fxg3 Rxf5 31.Rf1
Rxf1+ 32.Rxf1 Rf8 33.Rd1 Rf5 34.Kg2 Kg7 35.Rd4 Rf7 36.Bd1 Kf6
37.Be2 Ke6 38.Bc4+ Nxc4 39.Rxc4 c5 40.Re4+ Kd5 41.Re3 Rf6 42.g4
Re6 43.Rf3 Re2+ 44.Kg3 Ke6 45.g5 hxg5 46.h6 Re4 47.Rf8 Rh4 48.Rb8
Rxh6 49.Rxb6 Rh4 50.Rb8 Ra4 51.Re8+ Kd7 52.Rg8 Rc4 53.Rxg5 Rxc3+
54.Kf4 Rxc2 55.Ke4 Kc6 0-1

[Event "Liga CS - istok 2016"]
[Site "Kladovo"]
[Date "2016.10.14"]
[Round "7.31"]
[White "Djoric, Dusan"]
[Black "Arsic, Novica"]
[Result "1-0"]
[WhiteElo "2288"]
[BlackElo "2029"]
[PlyCount "0"]
[EventDate "2016.09.04"]

1.d4 d5 2.Nf3 Nf6 3.c4 e6 4.g3 c6 5.Qc2 Bd6 6.b3 Nbd7 7.Bg2 O-O
8.O-O e5 9.dxe5 Nxe5 10.cxd5 Nxd5 11.Rd1 Qe7 12.Bb2 Nf6 13.Nxe5
Bxe5 14.Ba3 Qc7 15.Bxf8 Bxa1 16.Bd6 Qb6 17.Na3 Bd4 18.e3 Bxe3
19.Nc4 Bxf2+ 20.Qxf2 Qxf2+ 21.Kxf2 a5 22.Bc7 Be6 23.Nb6 Re8 24.h3
h6 25.Rd8 g5 26.Na4 Rxd8 27.Bxd8 Nd5 28.Bxa5 b5 29.Nc5 Kg7 30.Bxd5
Bxd5 31.Bc3+ Kg6 32.a4 bxa4 33.bxa4 f5 34.Ke3 Bc4 35.Be5 f4+
36.gxf4 gxf4+ 37.Bxf4 Kh5 38.Kd4 Bf1 39.a5 Bb5 40.Ne4 Kh4 41.Nf2
h5 42.Kc5 Ba6 43.Kxc6 Bc4 44.Kd6 Ba6 45.Ke5 Bb7 46.Kf6 Bc8 47.Bh2
Bb7 48.Kf5 1-0

[Event "Liga CS - istok 2016"]
[Site "Kladovo"]
[Date "2016.10.14"]
[Round "7.32"]
[White "Stevic, Dragan"]
[Black "Kalcic, Krsta"]
[Result "0-1"]
[WhiteElo "1897"]
[BlackElo "2156"]
[PlyCount "0"]
[EventDate "2016.09.04"]

1.d4 Nf6 2.c4 g6 3.Nc3 Bg7 4.e4 d6 5.Nf3 O-O 6.Be2 e5 7.dxe5
dxe5 8.Qxd8 Rxd8 9.O-O Na6 10.Nxe5 Nxe4 11.Nxe4 Bxe5 12.Bg5 Re8
13.Bf3 Bxb2 14.Rab1 Bg7 15.Rfe1 Bf5 16.Rxb7 Bxe4 17.Rxe4 Rxe4
18.Bxe4 Nc5 19.Rxc7 Nxe4 20.Be3 Rb8 21.g3 a5 22.Ra7 Bc3 23.c5
Rc8 24.c6 Rxc6 25.f3 Nd2 26.Kf2 Nc4 27.Bh6 Bd4+ 0-1

[Event "Liga CS - istok 2016"]
[Site "Kladovo"]
[Date "2016.10.14"]
[Round "7.33"]
[White "Rajkovic, Branislav"]
[Black "Dragojevic, Leon*"]
[Result "1/2-1/2"]
[WhiteElo "2171"]
[BlackElo "1874"]
[PlyCount "0"]
[EventDate "2016.09.04"]

1.e4 d5 2.exd5 Qxd5 3.Nc3 Qa5 4.d4 Nf6 5.Nf3 c6 6.Bd2 Bf5 7.Bc4
e6 8.O-O Be7 9.Nd5 Qd8 10.Nxe7 Qxe7 11.Re1 O-O 12.c3 Nbd7 13.Bf4
Nd5 14.Bg5 Qd6 15.Nh4 Bg6 16.Nxg6 hxg6 17.Qf3 N7f6 18.Bxf6 1/2-1/2

[Event "Liga CS - istok 2016"]
[Site "Kladovo"]
[Date "2016.10.14"]
[Round "7.34"]
[White "Krstic, Milos D**"]
[Black "Colic, Ninoslav"]
[Result "0-1"]
[WhiteElo "1668"]
[BlackElo "2103"]
[PlyCount "0"]
[EventDate "2016.09.04"]

1.e4 Nf6 2.e5 Nd5 3.d4 d6 4.c4 Nb6 5.exd6 exd6 6.h3 Bf5 7.Nf3
Be7 8.Be2 O-O 9.O-O Bf6 10.Nc3 Nc6 11.a3 h6 12.Bf4 Ne7 13.Re1
Ng6 14.Bg3 Re8 15.Qd2 Nd7 16.Bd3 Rxe1+ 17.Rxe1 Bxd3 18.Qxd3 Nb6
19.b3 a6 20.Ne4 Be7 21.Nc3 Bf8 22.Re3 Nd7 23.Qe2 Nf6 24.Qe1 Qd7
25.Qe2 c6 26.Na4 Re8 27.Rxe8 Nxe8 28.Nc3 Nc7 29.d5 c5 30.a4 Be7
31.Ne4 f5 32.Ned2 Nh8 33.h4 g5 34.hxg5 hxg5 35.Qd3 Nf7 36.Bh2
Ne8 37.Nf1 Ng7 38.Ng3 Bf6 39.Ne2 Nh6 40.Qd2 Qe7 41.Qe3 Kf8 42.Qxe7+
Kxe7 43.Nd2 Ng4 44.f3 Nh6 45.Bg3 Kd7 46.Kf2 Ne8 47.Ke1 Bd8 48.Kd1
Ba5 49.Kc2 Nf6 50.Bf2 Nh5 51.Kd3 Nf7 52.Ke3 Nf6 53.Be1 Ne5 54.f4
Nfg4# 0-1

[Event "Liga CS - istok 2016"]
[Site "Kladovo"]
[Date "2016.10.14"]
[Round "7.35"]
[White "Simic, Petar S**"]
[Black "Djordjevic, Kosta"]
[Result "1-0"]
[WhiteElo "2083"]
[BlackElo "1740"]
[PlyCount "0"]
[EventDate "2016.09.04"]

1.Nf3 Nf6 2.g3 g6 3.Bg2 Bg7 4.c4 O-O 5.O-O d6 6.d4 Nbd7 7.Qc2
e5 8.Rd1 Qe8 9.Nc3 exd4 10.Nxd4 a6 11.h3 Ne5 12.b3 Rb8 13.a4
Bd7 14.e4 Nc6 15.Be3 Nxd4 16.Bxd4 Bc6 17.Nd5 Nxd5 18.cxd5 Bxd4
19.Rxd4 Qe5 20.Rad1 Bd7 21.Qxc7 Rfd8 22.f4 Qf6 23.e5 dxe5 24.fxe5
Qg5 25.e6 Qe3+ 26.Kh2 fxe6 27.dxe6 Rbc8 28.Qb6 Bc6 29.Rxd8+ Rxd8
30.Rxd8+ 1-0

[Event "Liga CS - istok 2016"]
[Site "Kladovo"]
[Date "2016.10.14"]
[Round "7.36"]
[White "Keric, Zoran"]
[Black "Stojanovic, Sreten"]
[Result "0-1"]
[WhiteElo "1647"]
[BlackElo "2094"]
[PlyCount "0"]
[EventDate "2016.09.04"]

1.Nf3 Nc6 2.g3 e5 3.d3 d5 4.Bg2 f5 5.e3 Nf6 6.O-O Bd6 7.d4 e4
8.Nfd2 Be6 9.f3 h5 10.f4 h4 11.gxh4 Rxh4 12.h3 Kf7 13.Qe1 Rh5
14.Nb3 Qe7 15.Nc3 Rah8 16.Nb5 g5 17.Nxd6+ cxd6 18.Qg3 g4 19.h4
Rxh4 20.Rd1 Nh5 21.Qf2 g3 22.Qe2 Rh2 23.Kf1 Qh4 24.Ke1 Nf6 25.Kd2
Ng4 26.Rg1 Nf2 27.c3 Rc8 28.a3 Rg8 29.Kc2 Rxg2 30.Rxg2 Qh1 31.Bd2
Qxg2 32.Qh5+ Rg6 33.Qh7+ Rg7 34.Qh5+ Ke7 35.Qe2 Qf3 36.Qf1 g2
37.Qg1 Nh3 38.Qh2 Qg3 39.Qxg3 Rxg3 0-1

[Event "Liga CS - istok 2016"]
[Site "Kladovo"]
[Date "2016.10.14"]
[Round "7.41"]
[White "Modric, Nesa"]
[Black "Urosevic, Goran"]
[Result "1/2-1/2"]
[WhiteElo "2197"]
[BlackElo "2265"]
[PlyCount "0"]
[EventDate "2016.09.04"]

1.d4 Nf6 2.Nf3 c5 3.c3 cxd4 4.cxd4 d5 5.Nc3 Nc6 6.a3 Bf5 7.Bf4
Rc8 8.Rc1 a6 9.e3 e6 10.Bd3 Bxd3 11.Qxd3 Bd6 12.Bxd6 Qxd6 13.Na4
O-O 14.O-O Na5 15.Nc5 b5 16.b4 Nc4 17.Nd2 Nd7 1/2-1/2

[Event "Liga CS - istok 2016"]
[Site "Kladovo"]
[Date "2016.10.14"]
[Round "7.42"]
[White "Cvetkovic, Nemanja"]
[Black "Radakovic, Stevan"]
[Result "1-0"]
[WhiteElo "2206"]
[BlackElo "2087"]
[PlyCount "0"]
[EventDate "2016.09.04"]

1.d4 Nf6 2.c4 e6 3.Nf3 d5 4.Nc3 c6 5.e3 Bd6 6.Bd3 h6 7.O-O Nbd7
8.e4 dxe4 9.Nxe4 Nxe4 10.Bxe4 O-O 11.b3 Re8 12.Bb2 Nf8 13.Qd2
Be7 14.Rad1 Qc7 15.d5 cxd5 16.cxd5 exd5 17.Bxd5 Be6 18.Rc1 Qd7
19.Bxe6 Qxe6 20.Rc7 Qb6 21.Qd4 Ne6 22.Qxb6 axb6 23.Rxb7 Rxa2
24.Bc3 Rc2 25.Bd2 Bd8 26.b4 Rb2 27.h3 Bc7 28.Rc1 Re7 29.Bc3 Rb3
30.Be5 Bd8 31.Rb8 Rd7 32.Rc4 Kh7 33.Kh2 Rd5 34.Bg3 b5 35.Rcc8
Rxb4 36.Ne5 Rbd4 37.Nxf7 Kg6 38.Ne5+ Kf5 39.Nc6 Rd1 40.Rb7 g5
41.Nb4 R5d2 42.Rxb5+ Kf6 43.Be5+ Kf7 44.Bg3 Rb1 45.Rb7+ Kf6 46.Nd5+
Rxd5 47.Rxb1 h5 48.h4 Kf5 49.hxg5 Bxg5 50.Rh8 Ng7 51.Rb6 Rd4
52.Rb5+ Kg6 53.Rxg5+ Kxg5 54.Rg8 Kg6 55.Rxg7+ 1-0

[Event "Liga CS - istok 2016"]
[Site "Kladovo"]
[Date "2016.10.14"]
[Round "7.43"]
[White "Celenkovic, Bojan*"]
[Black "Jakovljevic, Dejan"]
[Result "0-1"]
[WhiteElo "2048"]
[BlackElo "2080"]
[PlyCount "0"]
[EventDate "2016.09.04"]

1.e4 e6 2.d4 d5 3.Nd2 Nf6 4.e5 Nfd7 5.Bd3 c5 6.c3 Nc6 7.Ne2 cxd4
8.cxd4 f6 9.exf6 Nxf6 10.O-O Bd6 11.Nf3 Qc7 12.Bg5 O-O 13.Rc1
Bd7 14.Qc2 h6 15.Bh4 Nh5 16.Bg3 Nxg3 17.Nxg3 Qb6 18.Nh4 Be8 19.Qd1
Rf4 20.Nf3 Nxd4 21.Nxd4 Rxd4 22.Ne2 Rh4 23.g3 Rb4 24.Bb1 Rxb2
25.Qd3 g6 26.Nc3 Rb4 27.Qe2 Kg7 28.a3 Rb2 29.Qxe6 Bf7 30.Qg4
Rd2 31.Rcd1 Rxd1 32.Rxd1 Bxa3 33.h4 Bc5 34.Qf4 Bd6 35.Qg4 Bc5
36.Qf4 Rd8 37.h5 Qf6 38.Qxf6+ Kxf6 39.Ne4+ dxe4 40.Rxd8 e3 41.fxe3
Bxe3+ 42.Kg2 gxh5 43.Kf3 Bc5 44.Bd3 a5 45.Bb5 Bb3 46.Ra8 b6 47.Ra7
Ke5 48.Ke2 Kf5 49.Bd7+ Kg5 50.Bc6 Bd6 51.Rg7+ Kf5 52.Rb7 Bc5
53.Ra7 Bc4+ 54.Kf3 Ke5 55.Be8 Bb3 56.Bb5 Kd4 57.Be8 Kc3 58.Ke4
Kb4 59.Kf5 Bc2+ 60.Kf6 Bd4+ 61.Ke6 a4 62.Bxh5 a3 63.Bf7 Bb3+
64.Kf5 Bxf7 65.Rxf7 a2 0-1

[Event "Liga CS - istok 2016"]
[Site "Kladovo"]
[Date "2016.10.14"]
[Round "7.44"]
[White "Miljkovic, Jovana**"]
[Black "Damjanovic, Nebojsa"]
[Result "1-0"]
[WhiteElo "2018"]
[BlackElo "2039"]
[PlyCount "0"]
[EventDate "2016.09.04"]

1.d4 d5 2.c4 c6 3.Nc3 Nf6 4.e3 Bf5 5.cxd5 Nxd5 6.Bc4 Nxc3 7.bxc3
e6 8.Nf3 Be7 9.O-O O-O 10.Qb3 Qb6 11.Ne5 Qxb3 12.axb3 a5 13.Ba3
Bxa3 14.Rxa3 h6 15.Rfa1 b6 16.Bd3 Bxd3 17.Nxd3 Nd7 18.b4 Rfb8
19.Kf1 Kf8 20.bxa5 bxa5 21.Rxa5 Rxa5 22.Rxa5 Rb3 23.Nc5 Rb1+
24.Ke2 Nb6 25.Ra6 Rb2+ 26.Kf3 Nc4 27.g4 Rc2 28.Rxc6 Rxc3 29.Kg3
Rc1 30.Kh3 Rc2 31.Nd7+ Ke8 32.Ne5 Na3 33.Rxc2 Nxc2 34.Kg3 f6
35.Nd3 Kd7 36.Nf4 Ke7 37.h4 g5 38.Nd3 Kd6 39.h5 Ke7 40.Kf3 Na3
41.Ke2 Nb5 42.f4 Nd6 43.fxg5 fxg5 44.Ne5 Ne4 45.Kd3 Nf2+ 46.Kc4
Nd1 47.Kd3 Nf2+ 48.Ke2 Ne4 49.Nd3 Kf6 50.Nf2 Nd6 51.Kd3 Ke7 52.Kc3
Nf7 53.Ne4 Kd7 54.Kc4 Kc6 55.Nf6 Kd6 56.Ne4+ Kc6 57.Kd3 e5 58.Nc3
exd4 59.exd4 Kd6 60.Ke4 Ke6 61.Nb5 Kf6 62.Kd5 Ke7 63.Kc6 Nd8+
64.Kd5 Nf7 65.Nc3 Nd6 66.Ne4 Nb5 67.Ke5 Na3 68.Kf5 Nc2 69.Kg6
Nxd4 70.Kxh6 1-0

[Event "Liga CS - istok 2016"]
[Site "Kladovo"]
[Date "2016.10.14"]
[Round "7.45"]
[White "Radulovic, Srecko"]
[Black "Golubovic, Marko"]
[Result "1-0"]
[WhiteElo "1982"]
[BlackElo "1977"]
[PlyCount "0"]
[EventDate "2016.09.04"]

1.e4 c5 2.Nf3 d6 3.d3 Nc6 4.g3 g6 5.Bg2 Bg7 6.O-O e6 7.c3 Nge7
8.Bg5 h6 9.Be3 O-O 10.d4 cxd4 11.cxd4 b6 12.Qd2 Kh7 13.Nc3 Bb7
14.h4 Rc8 15.Rac1 f5 16.Nh2 fxe4 17.Bxe4 Nf5 18.d5 Ne5 19.b3
Ba6 20.Rfd1 Nxe3 21.Qxe3 Qf6 22.dxe6 Qxe6 23.h5 Kh8 24.Bxg6 Bb7
25.Be4 Rxc3 26.Rxc3 Bxe4 27.Qxe4 Nf3+ 28.Qxf3 Rxf3 29.Rxf3 Be5
30.Kg2 Qe8 31.Rfd3 Qxh5 32.Nf3 Kg7 33.Nxe5 dxe5 34.Re1 1-0

[Event "Liga CS - istok 2016"]
[Site "Kladovo"]
[Date "2016.10.14"]
[Round "7.46"]
[White "Mijajlovic, Jovan**"]
[Black "Floric, Nenad"]
[Result "0-1"]
[WhiteElo "1864"]
[BlackElo "1781"]
[PlyCount "0"]
[EventDate "2016.09.04"]

1.e4 c5 2.Nf3 d6 3.d4 cxd4 4.Nxd4 Nf6 5.Nc3 a6 6.Bg5 e6 7.f4
Be7 8.Qf3 Qc7 9.O-O-O Nbd7 10.Kb1 b5 11.a3 Bb7 12.Bd3 Rc8 13.Rhe1
Nb6 14.Qg3 h6 15.Bh4 O-O 16.Bxf6 Bxf6 17.e5 dxe5 18.fxe5 Bd8
19.Nxe6 fxe6 20.Qg6 Rf5 21.Qxe6+ Rf7 22.Qe8+ Rf8 23.Qg6 Rf4 24.Qh7+
Kf8 25.Rf1 Qxe5 26.Rxf4+ Qxf4 27.Rf1 Qxf1+ 28.Bxf1 Bf6 29.Ne4
Bxe4 30.Qxe4 Re8 31.Qb4+ Kg8 32.Bd3 Na4 33.Bxb5 axb5 34.Qxb5
Re1+ 35.Ka2 Nxb2 36.Qd5+ Kh8 37.c4 Re5 38.Qa8+ Kh7 39.c5 Rxc5
40.Qe4+ g6 41.h4 Re5 42.Qf4 Bg7 43.g4 Rb5 44.h5 Nd3 45.hxg6+
Kh8 0-1

[Event "Liga CS - istok 2016"]
[Site "Kladovo"]
[Date "2016.10.14"]
[Round "7.47"]
[White "Popovic, Marko"]
[Black "Stanisavljevic, Vladan"]
[Result "1-0"]
[WhiteElo "1550"]
[BlackElo "1869"]
[PlyCount "0"]
[EventDate "2016.09.04"]

1.d4 d5 2.c4 e6 3.Nc3 Nf6 4.Nf3 Be7 5.e3 O-O 6.Bd3 dxc4 7.Bxc4
Nbd7 8.O-O b6 9.e4 Bb7 10.e5 Ne4 11.Qe2 Nxc3 12.bxc3 c5 13.Rd1
Qc7 14.Ng5 Bxg5 15.Bxg5 Rfc8 16.Bd3 Nf8 17.h4 h6 18.Be3 cxd4
19.cxd4 Qe7 20.Qg4 f5 21.exf6 Qxf6 22.Rac1 Bd5 23.Be4 Bxe4 24.Qxe4
Ng6 25.Qb7 Rcb8 26.Qe4 Nxh4 27.Rc7 Rf8 28.d5 exd5 29.Qxd5+ Kh8
30.Bd4 Rad8 31.Bxf6 Rxd5 32.Bxg7+ Kg8 33.Rxd5 1-0

[Event "Liga CS - istok 2016"]
[Site "Kladovo"]
[Date "2016.10.14"]
[Round "7.51"]
[White "Garic, Radomir"]
[Black "Todorovic, Zoran D"]
[Result "1-0"]
[WhiteElo "2300"]
[BlackElo "2091"]
[PlyCount "0"]
[EventDate "2016.09.04"]

1.e4 c5 2.Nf3 e6 3.Nc3 a6 4.g3 Nc6 5.Bg2 g6 6.d3 Bg7 7.Bg5 Qb6
8.Qc1 Nd4 9.O-O Ne7 10.Bxe7 Kxe7 11.Nxd4 cxd4 12.Ne2 d6 13.c4
Bd7 14.Rb1 a5 15.f4 f5 16.g4 Bc6 17.exf5 gxf5 18.Bxc6 bxc6 19.Ng3
h5 20.Qe1 Kf6 21.Nxh5+ Rxh5 22.gxh5 Rh8 23.b4 a4 24.Qh4+ Kf7
25.Qg5 Rh6 26.b5 c5 27.Rf3 d5 28.Rg3 Bf8 29.Qg8+ Ke8 30.Rg6 Rxg6+
31.hxg6 1-0

[Event "Liga CS - istok 2016"]
[Site "Kladovo"]
[Date "2016.10.14"]
[Round "7.52"]
[White "Mitic, Dragan"]
[Black "Cvetanovic, Uros*"]
[Result "0-1"]
[WhiteElo "2129"]
[BlackElo "2247"]
[PlyCount "0"]
[EventDate "2016.09.04"]

1.e4 c5 2.b4 cxb4 3.Bc4 e6 4.a3 bxa3 5.Bxa3 Bxa3 6.Rxa3 Nc6 7.Nf3
d5 8.exd5 exd5 9.Bb5 Nge7 10.O-O O-O 11.Nc3 Qd6 12.Qc1 Bg4 13.Be2
Ng6 14.Nb5 Qf6 15.Re1 a6 16.Qa1 Qxa1 17.Rexa1 Rae8 0-1

[Event "Liga CS - istok 2016"]
[Site "Kladovo"]
[Date "2016.10.14"]
[Round "7.53"]
[White "Lazic, Milan Z"]
[Black "Miljkovic, Slobodan*"]
[Result "1-0"]
[WhiteElo "2039"]
[BlackElo "1752"]
[PlyCount "0"]
[EventDate "2016.09.04"]

1.Nc3 d5 2.e4 dxe4 3.Nxe4 e6 4.Nf3 Be7 5.d4 Nf6 6.Ng3 Nbd7 7.Be2
O-O 8.O-O c5 9.Re1 b6 10.b3 Bb7 11.Bb2 Nd5 12.Qd2 Qc7 13.Bf1
N7f6 14.c4 Nf4 15.Ne5 Ng6 16.Nxg6 hxg6 17.dxc5 Bxc5 18.Be5 Qc6
19.b4 Rfd8 20.Qb2 Be7 21.a4 Ng4 22.Bc3 Rd3 23.b5 Qxc4 24.Bxd3
Qxd3 25.Rad1 Qc4 26.Rd4 1-0